LEADER 01311nam a2200277 i 4500 001 991002595089707536 008 020 $a9788859613916 035 $ab14200533-39ule_inst 040 $aDip.to di Storia, Società e Studi sull'Uomo$bita 082 04$a945.084 082 04$a945.7084 100 1 $aManica, Giustina$d<1979- >$0476265 245 10$aDalla questione meridionale alla questione nazionale :$bLeopoldo Franchetti, Sidney Sonnino e Jessie White Mario nei carteggi di Pasquale Villari, 1875-1917 (con documenti editi ed inediti) /$cGiustina Manica ; prefazione di Sandro Rogari 260 $aFirenze :$bPolistampa,$c2014 300 $aXV, 184 p. ;$c24 cm 440 0$aCentro di Studi sulla Civiltà Toscana fra '800 e '900. Nuova serie ;$v69 500 $aIn testa al front.: Centro di studi sulla civiltà toscana fra '800 e '900 650 4$aQuestione meridionale$xStoria$vFonti 700 1 $aRogari, Sandro 907 $a.b14200533$b09-10-14$c24-09-14 912 $a991002595089707536 945 $aLE023 945.084 MAN 1 1$g1$i2023000134337$lle023$op$pE15.00$q-$rl$s- $t0$u1$v1$w1$x0$y.i15636203$z03-10-14 996 $aDalla questione meridionale alla questione nazionale$9258458 997 $aUNISALENTO 998 $ale023$b01-10-14$cm$da $e-$fita$git $h0$i0 LEADER 03135nam 22006015 450 001 9910254051603321 005 20251230065400.0 010 $a3-319-48123-1 024 7 $a10.1007/978-3-319-48123-4 035 $a(CKB)4340000000023110 035 $a(DE-He213)978-3-319-48123-4 035 $a(MiAaPQ)EBC4755498 035 $a(PPN)197454593 035 $a(EXLCZ)994340000000023110 100 $a20161201d2016 u| 0 101 0 $aeng 135 $aurnn|008mamaa 181 $ctxt$2rdacontent 182 $cc$2rdamedia 183 $acr$2rdacarrier 200 14$aThe 2nd International Congress on 3D Materials Science $eCongress Proceedings /$fedited by Dominique Bernard, Jean-Yves Buffière, Tresa Pollock, Henning Friis Poulsen, Anthony Rollett, Michael Uchic 205 $a1st ed. 2016. 210 1$aCham :$cSpringer International Publishing :$cImprint: Springer,$d2016. 215 $a1 online resource (142 pages) $cillustrations 225 1 $aThe Minerals, Metals & Materials Series,$x2367-1696 311 08$a3-319-48595-4 311 08$a1-118-94545-X 320 $aIncludes bibliographical references and indexes. 330 $aThis is a collection of papers presented at the 2nd International Congress on 3D Materials Science, an event organized by The Minerals, Metals & Materials Society (TMS). The conference provides the premier forum for presentations of current interest and significance to the three-dimensional characterization, visualization, quantitative analysis, modeling, and investigation of structure-property relationships of materials. The papers presented in the collection are divided into six sections: (1) Acquisition and Handling of 3D Data; (2) Microstructure/Property Relationship in 3D: Characterization and Simulation; (3) Microstructure/Property Relationship in 3D: Deformation and Damage; (4) New Experimental Techniques; (5) Analysis at the Nanoscale; and (6) Dynamic Processes. 410 0$aThe Minerals, Metals & Materials Series,$x2367-1696 606 $aBuilding materials 606 $aMaterials$xAnalysis 606 $aMaterials 606 $aStructural Materials 606 $aCharacterization and Analytical Technique 606 $aMaterials Engineering 615 0$aBuilding materials. 615 0$aMaterials$xAnalysis. 615 0$aMaterials. 615 14$aStructural Materials. 615 24$aCharacterization and Analytical Technique. 615 24$aMaterials Engineering. 676 $a620.11 702 $aBernard$b Dominique$4edt$4http://id.loc.gov/vocabulary/relators/edt 702 $aBuffière$b Jean-Yves$4edt$4http://id.loc.gov/vocabulary/relators/edt 702 $aPollock$b Tresa$4edt$4http://id.loc.gov/vocabulary/relators/edt 702 $aFriis Poulsen$b Henning$4edt$4http://id.loc.gov/vocabulary/relators/edt 702 $aRollett$b Anthony$4edt$4http://id.loc.gov/vocabulary/relators/edt 702 $aUchic$b Michael$4edt$4http://id.loc.gov/vocabulary/relators/edt 906 $aBOOK 912 $a9910254051603321 996 $aThe 2nd International Congress on 3D Materials Science$92499593 997 $aUNINA